Большие газовые двигатели и возможность их применения в условиях Западной Сибири; Труды Первого краевого энергетического съезда Западной Сибири, 18-22 июня 1932 г.

Bibliografski detalji
Parent link:Труды Первого краевого энергетического съезда Западной Сибири, 18-22 июня 1932 г..— 1932.— С. 394-408
Glavni autor: Соколов Ю. Н. Юрий Николаевич
Jezik:ruski
Izdano: 1932
Teme:
Format: Poglavlje knjige
KOHA link:https://koha.lib.tpu.ru/cgi-bin/koha/opac-detail.pl?biblionumber=173786

MARC

LEADER 00000naa2a2200000 4500
001 173786
005 20231031164522.0
035 |a (RuTPU)RU\TPU\book\188467 
035 |a RU\TPU\tpu\3825 
090 |a 173786 
100 |a 20091230d1932 k y0rusy50 ca 
101 0 |a rus 
102 |a RU 
200 1 |a Большие газовые двигатели и возможность их применения в условиях Западной Сибири  |f Ю. Н. Соколов 
463 0 |0 (RuTPU)RU\TPU\book\186250  |t Труды Первого краевого энергетического съезда Западной Сибири, 18-22 июня 1932 г.  |f Краевой энергетический комитет Западной Сибири ; под ред. А. В. Апушкина, А. Н. Бурумова, Я. Ю. Харита  |v С. 394-408  |d 1932  |p 472, [3] с. 
610 1 |a двигатели внутреннего сгорания 
610 1 |a труды учёных ТПУ 
700 1 |a Соколов  |b Ю. Н.  |c российский ученый  |c профессор кафедры гидравлики и гидромашин Томского политехнического института  |f 1903-1981  |g Юрий Николаевич  |2 stltpush  |3 (RuTPU)RU\TPU\pers\19868 
801 0 |a RU  |b 63413507  |c 20011210  |g PSBO 
801 2 |a RU  |b 63413507  |c 20091230  |g PSBO 
942 |c BK